Sobre las revoluciones (Record no. 47304)

MARC details
000 -LEADER
campo de control de longitud fija 00798nam a2200217 i 4500
001 - NÚMERO DE CONTROL
campo de control 47304
003 - IDENTIFICADOR DE NÚMERO DE CONTROL
campo de control ES-MaACL
005 - FECHA Y HORA DE LA ÚLTIMA TRANSACCIÓN
campo de control 20241012063105.0
007 - CAMPO FIJO DE DESCRIPCIÓN FÍSICA--INFORMACIÓN GENERAL
campo de control de longitud fija t|
008 - DATOS DE LONGITUD FIJA--INFORMACIÓN GENERAL
campo de control de longitud fija 030407s1982 sp ||||1| spa d
100 1# - ENTRADA PRINCIPAL--NOMBRE DE PERSONA
Nombre de persona Copernicus, Nicolaus,
Fechas asociadas al nombre 1473-1543
9 (RLIN) 160781
245 10 - MENCIÓN DEL TÍTULO
Título Sobre las revoluciones
Resto del título : (de los orbes celestes) /
Mención de responsabilidad, etc. Nicolás Copérnico ; edición preparada por Carlos Mínguez y Mercedes Testal.
260 ## - PUBLICACIÓN, DISTRIBUCIÓN, ETC.
Lugar de publicación, distribución, etc. Madrid :
Nombre del editor, distribuidor, etc. Editora Nacional,
Fecha de publicación, distribución, etc. [1982]
300 ## - DESCRIPCIÓN FÍSICA
Extensión 551 p. :
Otras características físicas il. ;
Dimensiones 21 cm.
490 1# - MENCIÓN DE SERIE
Mención de serie Clásicos para una biblioteca contemporánea
700 1# - ENTRADA AGREGADA--NOMBRE PERSONAL
Nombre de persona Mínguez, Carlos.
9 (RLIN) 81344
700 1# - ENTRADA AGREGADA--NOMBRE PERSONAL
Nombre de persona Testal, Mercedes.
9 (RLIN) 109832
830 0# - PUNTO DE ACCESO ADICIONAL DE SERIE-TÍTULO UNIFORME
Título uniforme Clásicos para una biblioteca contemporánea
9 (RLIN) 181899
852 ## - LOCALIZACIÓN
Ubicación ES-MaACL
Número de control de estantería L-4506
Sublocalización o colección R.105149
Holdings
Estatus retirado Estado de pérdida Estado de daño No para préstamo Biblioteca de origen Biblioteca actual Ubicación en estantería Fecha de adquisición Fuente de adquisición Total de préstamos Signatura topográfica completa Código de barras Visto por última vez Precio de reemplazo Tipo de ítem Koha
        Biblioteca del Ateneo de Madrid Biblioteca del Ateneo de Madrid Depósito 2 17/01/2008     L-4506 1049750 23/02/2023 23/02/2023 Libro impreso